GUESS THE SCRAMLBED US STATES - Statistics

General Stats
  • This quiz has been taken 24 times
  • The average score is 41 of 50
Answer Stats
Answer % Correct
Alabama
96%
Ohio
96%
Utah
96%
Florida
91%
Idaho
91%
Kansas
91%
Kentucky
91%
Massachusetts
91%
MIssissippi
91%
New Jersey
91%
Pennsylvania
91%
Texas
91%
Vermont
91%
Alaska
87%
Arkansas
87%
California
87%
Hawaii
87%
Iowa
87%
Michigan
87%
Wisconsin
87%
Arizona
83%
Colorado
83%
Illinois
83%
Louisiana
83%
Maine
83%
Nevada
83%
New York
83%
Oregon
83%
South Dakota
83%
Tennessee
83%
Georgia
78%
Missouri
78%
Nebraska
78%
New Mexico
78%
North Dakota
78%
Virginia
78%
Wyoming
78%
Indiana
74%
Maryland
74%
Montana
74%
Oklahoma
74%
South Carolina
74%
Connecticut
70%
Delaware
70%
Minnesota
70%
North Carolina
70%
Washington
70%
New Hampshire
65%
West Virginia
65%
Rhode Island
52%
No matching quizzes found
Score Distribution
Percent of People with Each Score
Percentile by Number Answered
Your Score History
You have not taken this quiz